00437nam a2200121Ia 4500008004100000020001800041050002600059245010800085260004000193300002100233500005100254521001000305140609s9999 xx 000 0 und d a9781609182120 aHM 1033b.So6423 2011 aSocial psychology and evaluation /cedited by Melvin M. Mark, Stewart I. Donaldson, Bernadette Campbell aNew York :bGuilford Press,cc2011. a420 p. ;c23 cm. aIncludes bibliographical references and index. aPSYCH